Statistiques concernant Livre à l'auteur n°5

Cliquez ici pour prendre le quiz!

Statistiques générales

  • Ce quiz a été pris 63 fois
  • Le résultat moyen est 5 sur 14

Statistiques - réponses

Livre Auteur % Correct
Le Crime de l'Orient-ExpressAgatha Christie
98%
De la Terre à la LuneJules Verne
88%
La Ferme des animauxGeorge Orwell
63%
Pour qui sonne le glasErnest Hemingway
59%
Les Aventures de Huckleberry FinnMark Twain
58%
Trois contesGustave Flaubert
36%
Northanger AbbeyJane Austen
34%
Les DémonsFiodor Dostoïevski
20%
OrlandoVirginia Woolf
17%
Le Poney rougeJohn Steinbeck
17%
Les Caves du MajesticGeorges Simenon
15%
Trilogie The Hunger GamesSuzanne Collins
15%
Le Peuple de l'abîmeJack London
5%
Chez les heureux du mondeEdith Wharton
2%

Distribution des résultats

Percentile by Number Answered

% des personnes avec chaque résultat

Votre développement - résultats

Vous n’avez pas pris ce quiz